00450nam a22001337a 4500008004100000020001400041040005500055080002200110100001800132245008900150260005500239300001000294650001200304230601b |||||||| |||| 00| 0 eng d a563101555 aNational Science LibrarycNational Science Library a612.82.001.5 bL0 aCalder, Nigel aMind of man: bAn investigation into current research on the brain and human nature  aLondon: bBritish Broadcasting Corporation, c1970 a288p. aScience